000 00647nam a2200193 i 4500
001 41850
003 ES-MaACL
005 20250815111834.0
007 t|
008 030312m19231927sp ||||1| spa d
100 1 _aCasares Gil, José,
_d1866-1961
_936166
245 1 0 _aTratado de análisis químico /
_cpor José Casares Gil.
260 _a[Santiago :
_bs.n.,
_c1923-1927] (
_fTip. El Eco de Santiago)
300 _a2 v. ;
_c22 cm.
500 _aEl vol. 2 pertenece a la 3ª ed. y aparece impreso en Toledo, en la Tip. de A. Medina.
650 0 7 _aQuímica analítica
_2embne
_916630
852 _aES-MaACL
_jF-3274-75
999 _c41850
_d41850